| 000 | 01373nam0a22002891 4500 | ||
|---|---|---|---|
| 001 | rc\3636906 | ||
| 005 | 20130115145220.3 | ||
| 021 |
_aRU _b74-86728 |
||
| 021 |
_aRU _bРг85-75 |
||
| 035 | _a(NLR Aleph) 007726567 | ||
| 090 |
_a7009398 _c7009398 |
||
| 100 | _a20130115d1974 |||y0rusy50 ca | ||
| 101 | 0 | _arus | |
| 102 | _aRU | ||
| 105 | _aa c ||||| | ||
| 200 | 1 |
_aМетодические указания к анализу линейных электрических цепей методом круговых диаграмм _fМ-во мор. флота СССР. Ленингр. высш. инж. морское училище им. адмирала С.О. Макарова. Кафедра радиоприемных и радиопередающих устройств |
|
| 210 |
_aЛенинград _cБ. и. _d1974 |
||
| 215 |
_a76 с. _cил. _d20 |
||
| 300 | _aНа обороте тит. л. сост.: д-р техн. наук, проф. Семенов К.А. | ||
| 320 | _aБиблиогр.: с. 73-74 | ||
| 702 | 1 |
_aСеменов _bК. А. _gКонстантин Александрович _4220 |
|
| 712 | 0 | 2 |
_aЛенинградское высшее инж. морское уч-ще им. С.О.Макарова _3RU\NLR\AUTH\8811446 |
| 801 | 0 |
_aRU _bNLR _gpsbo |
|
| 801 | 1 |
_aRU _bELAR _2rusmarc |
|
| 852 |
_aNLR _j74-4/26705 |
||
| 942 | _cBOOK | ||
| 980 | _aNB | ||